[Event "European Blitz 2017"]
[Site "Katowice POL"]
[Date "2017.12.15"]
[Round "17.21"]
[White "Fedorov, Alexei"]
[Black "Trent, Lawrence"]
[Result "0-1"]
[WhiteTitle "GM"]
[BlackTitle "IM"]
[WhiteElo "2573"]
[BlackElo "2436"]
[WhiteFideId "13500465"]
[BlackFideId "408638"]
[EventDate "2017.12.15"]
[EventType "blitz"]

1. e4 e5 2. Nf3 Nc6 3. Bc4 Nf6 4. d3 h6 5. O-O d6 6. c3 g6 7. Re1 Bg7 8. d4 O-O
9. h3 Kh7 10. dxe5 Nxe5 11. Nxe5 dxe5 12. Qxd8 Rxd8 13. Bxf7 Nxe4 14. Be3 Nd6
15. Bb3 Nf5 16. Bd2 b6 17. Bc4 Bb7 18. Bf1 Rd6 19. Bc1 Rad8 20. Na3 Rd1 21. Be3
Nxe3 22. fxe3 Rxa1 23. Rxa1 a6 24. Re1 b5 25. Nb1 Bf8 26. Kf2 Bc5 27. Ke2 e4 28.
Kf2 Kg7 29. Be2 Rf8+ 30. Kg3 Bxe3 31. Rf1 Rxf1 32. Bxf1 Bc1 33. b3 Kf6 34. c4 b4
35. Kf2 Ke5 36. Ke2 Kd4 37. Kd1 Bf4 38. Ke2 a5 39. g4 e3 0-1

[Event "European Blitz 2017"]
[Site "Katowice POL"]
[Date "2017.12.15"]
[Round "17.22"]
[White "Pulpan, Jakub"]
[Black "Aleksandrov, Aleksej"]
[Result "0-1"]
[WhiteTitle "IM"]
[BlackTitle "GM"]
[WhiteElo "2400"]
[BlackElo "2589"]
[WhiteFideId "302759"]
[BlackFideId "13500139"]
[EventDate "2017.12.15"]
[EventType "blitz"]

1. e4 e5 2. Nf3 Nc6 3. Bc4 Bc5 4. O-O Nf6 5. d3 d6 6. h3 h6 7. a4 a5 8. c3 O-O
9. Bb3 Re8 10. Be3 Bxe3 11. fxe3 Be6 12. Nbd2 d5 13. exd5 Bxd5 14. e4 Bxb3 15.
Nxb3 Qd6 16. Qe2 Nh5 17. Rfd1 Rad8 18. Nc1 Nf4 19. Qe3 Qg6 20. Rd2 Nxh3+ 21. Kf1
Nf4 22. Nxe5 Rxe5 23. Qxf4 Rd6 24. Rf2 Rh5 25. Kg1 Ne5 26. d4 Rf6 27. Qd2 Nc4
28. Qe2 Rxf2 29. Kxf2 Nd6 30. e5 Ne4+ 31. Kg1 Ng3 32. Qb5 Qf5 33. Qe8+ Kh7 0-1

[Event "European Blitz 2017"]
[Site "Katowice POL"]
[Date "2017.12.15"]
[Round "17.23"]
[White "Maier, Christian"]
[Black "Moskalenko, Alexander"]
[Result "0-1"]
[WhiteTitle "IM"]
[BlackTitle "IM"]
[WhiteElo "2393"]
[BlackElo "2522"]
[WhiteFideId "4601955"]
[BlackFideId "4155351"]
[EventDate "2017.12.15"]
[EventType "blitz"]

1. e4 d5 2. d4 e6 3. Nc3 Nf6 4. Bg5 h6 5. Bxf6 Qxf6 6. exd5 Bb4 7. a3 Bxc3+ 8.
bxc3 exd5 9. Bd3 O-O 10. Ne2 Bf5 11. O-O Nd7 12. Ng3 Bxd3 13. cxd3 Rfe8 14. Rb1
b6 15. Qa4 Nf8 16. Rfe1 Re6 17. Nf1 h5 18. Ne3 Rd6 19. Re2 a5 20. Rbe1 Ne6 21.
Qb3 Nf4 22. Rd2 Rad8 23. g3 Ne6 24. f4 c5 25. dxc5 Nxc5 26. Qc2 d4 27. Nc4 dxc3
28. Rde2 Qd4+ 29. Kg2 Re6 30. Rxe6 Nxe6 31. Ne5 b5 32. Re4 Qc5 33. Kh3 Nd4 34.
Qa2 Qc8+ 35. Kg2 Qe6 36. Nc4 Qd5 37. Kh3 bxc4 38. Re5 Qd7+ 39. Kg2 cxd3 40. Rf5 0-1

[Event "European Blitz 2017"]
[Site "Katowice POL"]
[Date "2017.12.15"]
[Round "17.24"]
[White "Tari, Aryan"]
[Black "Arnaudov, G. Petar"]
[Result "1-0"]
[WhiteTitle "GM"]
[BlackTitle "GM"]
[WhiteElo "2593"]
[BlackElo "2439"]
[WhiteFideId "1510045"]
[BlackFideId "2907127"]
[EventDate "2017.12.15"]
[EventType "blitz"]

1. c4 Nf6 2. Nc3 e6 3. e4 e5 4. Nf3 Nc6 5. Be2 d6 6. d4 Bg4 7. d5 Bxf3 8. Bxf3
Nd4 9. Be3 Nxf3+ 10. Qxf3 Be7 11. g4 Nd7 12. O-O-O Bg5 13. Kb1 Bxe3 14. Qxe3 a6
15. g5 O-O 16. h4 b5 17. cxb5 axb5 18. Nxb5 Qb8 19. Nc3 Qb4 20. h5 Rfb8 21. Rd2
Nb6 22. Re2 Nc4 23. Qc1 Ra5 24. g6 h6 25. gxf7+ Kxf7 26. Rh3 Rc5 27. Ka1 Na5 28.
Qg1 c6 29. Rg3 Rxc3 30. Rxg7+ Ke8 31. Rg8+ 1-0

[Event "European Blitz 2017"]
[Site "Katowice POL"]
[Date "2017.12.15"]
[Round "17.25"]
[White "Licznerski, Lukasz"]
[Black "Jaracz, Pawel"]
[Result "0-1"]
[WhiteTitle "FM"]
[BlackTitle "GM"]
[WhiteElo "2267"]
[BlackElo "2465"]
[WhiteFideId "1179250"]
[BlackFideId "1102222"]
[EventDate "2017.12.15"]
[EventType "blitz"]

1. e4 c5 2. Nf3 e6 3. d4 cxd4 4. Nxd4 Nc6 5. Nc3 Qc7 6. Be2 a6 7. O-O Nf6 8. Be3
Be7 9. f4 d6 10. Kh1 O-O 11. Qe1 Nxd4 12. Bxd4 b5 13. a3 Bb7 14. Qg3 Rad8 15.
Rae1 Bc6 16. Bd3 Qd7 17. Qh3 e5 18. fxe5 dxe5 19. Bxe5 Qxh3 20. gxh3 Nd7 21. Bg3
Nc5 22. Nd5 Bxd5 23. exd5 Bd6 24. Be2 Bxg3 25. hxg3 Rxd5 26. Rd1 Rfd8 27. Rxd5
Rxd5 28. Rd1 Rxd1+ 29. Bxd1 Na4 30. b3 Nc3 31. Bf3 a5 32. Bc6 Kf8 33. Kg2 Ke7
34. Kf3 Kd6 35. Be8 f6 36. Ke3 Kc5 37. Kd3 Nb1 38. a4 b4 39. Bd7 Nc3 40. Bf5 h6
41. Be6 Nd5 0-1

[Event "European Blitz 2017"]
[Site "Katowice POL"]
[Date "2017.12.15"]
[Round "17.26"]
[White "Klabis, Rokas"]
[Black "Gajewski, Grzegorz"]
[Result "0-1"]
[WhiteTitle "FM"]
[BlackTitle "GM"]
[WhiteElo "2366"]
[BlackElo "2601"]
[WhiteFideId "12805246"]
[BlackFideId "1116207"]
[EventDate "2017.12.15"]
[EventType "blitz"]

1. e4 c5 2. Nc3 a6 3. g3 b5 4. Bg2 Bb7 5. Nf3 e6 6. O-O b4 7. Na4 Bxe4 8. d4
cxd4 9. Qxd4 Nf6 10. Re1 Nc6 11. Qc4 Rc8 12. Qe2 Bxf3 13. Qxf3 Nd4 14. Qb7 Nxc2
15. Bf4 Nxa1 16. Nb6 Rc2 17. Rd1 Bc5 18. Nxd7 Nxd7 19. Bc6 O-O 0-1

[Event "European Blitz 2017"]
[Site "Katowice POL"]
[Date "2017.12.15"]
[Round "17.27"]
[White "Olszewski, Michal"]
[Black "Jakubowski, Krzysztof"]
[Result "0-1"]
[WhiteTitle "GM"]
[BlackTitle "GM"]
[WhiteElo "2540"]
[BlackElo "2526"]
[WhiteFideId "1121251"]
[BlackFideId "1112848"]
[EventDate "2017.12.15"]
[EventType "blitz"]

1. e4 c5 2. Nf3 d6 3. d4 cxd4 4. Nxd4 Nf6 5. Nc3 a6 6. Be3 e6 7. f3 b5 8. Qd2
Bb7 9. g4 Nfd7 10. O-O-O Nb6 11. Qf2 N8d7 12. Nb3 Rc8 13. Ne2 Nc4 14. Bd4 e5 15.
Bc3 Be7 16. h4 Ndb6 17. Na5 Ba8 18. Kb1 Qc7 19. Nxc4 Nxc4 20. Ka1 a5 21. Nc1 b4
22. Be1 O-O 23. g5 Rfd8 24. Nd3 d5 25. exd5 Bxd5 26. Rg1 Be6 27. h5 Bc5 28. Qg3
Bxg1 0-1

[Event "European Blitz 2017"]
[Site "Katowice POL"]
[Date "2017.12.15"]
[Round "17.28"]
[White "Zelcic, Robert"]
[Black "Boe, Mads"]
[Result "1-0"]
[WhiteTitle "GM"]
[BlackTitle "FM"]
[WhiteElo "2501"]
[BlackElo "2292"]
[WhiteFideId "14500310"]
[BlackFideId "1401408"]
[EventDate "2017.12.15"]
[EventType "blitz"]

1. e4 c6 2. d4 d5 3. Nc3 dxe4 4. Nxe4 Bf5 5. Ng3 Bg6 6. h4 h6 7. Nf3 Nf6 8. Ne5
Bh7 9. Bd3 Nbd7 10. Bxh7 Nxe5 11. Bf5 Ned7 12. Bd3 e6 13. c3 Bd6 14. Ne4 Nxe4
15. Bxe4 Nf6 16. Bc2 Qc7 17. Qf3 O-O-O 18. Be3 Nd5 19. Bd2 Bf4 20. O-O-O Bxd2+
21. Rxd2 Qf4 22. Qe2 Qf6 23. g3 Nb6 24. Re1 Rd7 25. Be4 Rhd8 26. Red1 Qe7 27.
Bg2 Nd5 28. Kb1 Kb8 29. a3 Qf6 30. Ka2 Kc8 31. Rd3 Nb6 32. h5 Qe7 33. Qg4 Qg5
34. Qe2 Qe7 35. f4 Qf6 36. Qf3 Nd5 37. Rf1 Nb6 38. g4 Qe7 39. Qg3 c5 40. g5 cxd4
41. cxd4 Rxd4 42. Rxd4 Rxd4 43. Qc3+ Rc4 44. Qxg7 Rc2 45. Be4 Rxb2+ 46. Qxb2 1-0

[Event "European Blitz 2017"]
[Site "Katowice POL"]
[Date "2017.12.15"]
[Round "17.29"]
[White "Costachi, Mihnea"]
[Black "Kislinsky, Alexey"]
[Result "0-1"]
[WhiteTitle "IM"]
[BlackTitle "GM"]
[WhiteElo "2441"]
[BlackElo "2513"]
[WhiteFideId "1217518"]
[BlackFideId "14108801"]
[EventDate "2017.12.15"]
[EventType "blitz"]

1. d4 Nf6 2. c4 c5 3. d5 b5 4. cxb5 a6 5. bxa6 g6 6. Nc3 Bxa6 7. e4 Bxf1 8. Kxf1
d6 9. g3 Bg7 10. Nf3 O-O 11. Kg2 Qb6 12. a4 Na6 13. Qe2 Nb4 14. h4 e6 15. dxe6
fxe6 16. Ng5 Rae8 17. f3 d5 18. a5 Qa7 19. e5 Nd7 20. f4 d4 21. Nce4 d3 22. Qd1
h6 23. h5 hxg5 24. hxg6 Qa8 25. Re1 Rf5 26. Qh5 Nf8 27. g4 Nc2 28. Bd2 Nxe1+ 29.
Rxe1 Rxf4 30. Bxf4 gxf4 31. Kg1 Qd5 32. Nd2 Qd4+ 33. Kf1 Qxb2 34. Nf3 d2 35. Rd1
Qb3 36. Rxd2 Qxf3+ 37. Rf2 Qd3+ 38. Kg1 Rb8 0-1

[Event "European Blitz 2017"]
[Site "Katowice POL"]
[Date "2017.12.15"]
[Round "17.30"]
[White "Georgiev, Kiril"]
[Black "Kyc, Jerzy"]
[Result "1-0"]
[WhiteTitle "GM"]
[WhiteElo "2623"]
[BlackElo "2265"]
[WhiteFideId "2900017"]
[BlackFideId "1163922"]
[EventDate "2017.12.15"]
[EventType "blitz"]

1. d4 Nf6 2. Nf3 g6 3. c3 Bg7 4. Bf4 d5 5. e3 O-O 6. h3 c5 7. Be2 Nc6 8. Nbd2
Ne4 9. Nxe4 dxe4 10. Nd2 cxd4 11. exd4 f5 12. Qb3+ Kh8 13. Nc4 b6 14. Rd1 Ba6
15. O-O Rc8 16. Rfe1 Bxc4 17. Qxc4 Nxd4 18. Rxd4 Qe8 19. Qe6 Rc6 20. Qd7 e5 21.
Qxe8 Rxe8 22. Bb5 exd4 23. Bxc6 Rc8 24. Bb7 Rc5 25. cxd4 Bxd4 26. Rd1 Bxb2 27.
Bh6 Bf6 28. Rd7 g5 29. g3 f4 30. gxf4 gxf4 31. Rf7 1-0

[Event "European Blitz 2017"]
[Site "Katowice POL"]
[Date "2017.12.15"]
[Round "17.31"]
[White "Dragnev, Valentin"]
[Black "Wojtaszek, Radoslaw"]
[Result "0-1"]
[WhiteTitle "IM"]
[BlackTitle "GM"]
[WhiteElo "2458"]
[BlackElo "2736"]
[WhiteFideId "1634852"]
[BlackFideId "1118358"]
[EventDate "2017.12.15"]
[EventType "blitz"]

1. e4 c5 2. Nf3 d6 3. d4 cxd4 4. Nxd4 Nf6 5. Nc3 a6 6. g3 e5 7. Nde2 Be7 8. Bg2
b5 9. Nd5 Nxd5 10. Qxd5 Ra7 11. Qd3 Be6 12. Nc3 Nd7 13. Be3 Rc7 14. a4 Bc4 15.
Qd2 O-O 16. axb5 axb5 17. b3 b4 18. Na2 Be6 19. Nxb4 Qc8 20. O-O Nf6 21. Rfc1
Ng4 22. c4 Nxe3 23. Qxe3 Rb7 24. Nd5 Bxd5 25. cxd5 Qb8 26. Rab1 Bd8 27. Qc3 Bb6
28. b4 Bd4 29. Qc4 g6 30. Bh3 Qa7 31. Rc2 f5 32. exf5 gxf5 33. Kg2 f4 34. Bg4
Rg7 35. Be6+ Kh8 36. Qc6 Qe7 37. Qc8 f3+ 38. Kg1 Rgg8 39. Bxg8 Rxc8 40. Rxc8 Kg7
41. Be6 Qa7 42. Rc2 e4 43. Rbc1 Bb6 44. Bg4 Kf6 45. Kf1 Kg5 46. h3 h5 47. Bc8
Qa3 48. Kg1 e3 49. h4+ Kf6 50. Rc6 Ke5 51. Rxb6 Qxc1+ 52. Kh2 exf2 0-1

[Event "European Blitz 2017"]
[Site "Katowice POL"]
[Date "2017.12.15"]
[Round "17.33"]
[White "Gazik, Viktor"]
[Black "Kovalev, Denis"]
[Result "1-0"]
[WhiteTitle "IM"]
[BlackTitle "IM"]
[WhiteElo "2479"]
[BlackElo "2504"]
[WhiteFideId "14928752"]
[BlackFideId "14104059"]
[EventDate "2017.12.15"]
[EventType "blitz"]

1. Nf3 Nf6 2. g3 d5 3. Bg2 c6 4. O-O Bf5 5. d3 Nbd7 6. c4 e6 7. Nc3 Bc5 8. a3 a5
9. b3 O-O 10. Bb2 h6 11. Qc2 Qe7 12. h3 Rfd8 13. Kh2 e5 14. e4 dxe4 15. Nxe4
Nxe4 16. dxe4 Bh7 17. Rfd1 f6 18. Nh4 Nf8 19. Nf5 Qc7 20. Qe2 Ne6 21. Qg4 Bxf5
22. exf5 Nd4 23. b4 axb4 24. axb4 Rxa1 25. Bxa1 Bxb4 26. Bxd4 exd4 27. Rxd4 Bc5
28. Rxd8+ Qxd8 29. Qe2 Kh7 30. Bf3 Qd7 31. Kg2 Kg8 32. Qe4 Kf8 33. Qf4 Qd6 34.
Qc1 Qd4 35. Qc2 Ke7 36. h4 Kd6 37. Qe2 Kc7 38. Qc2 Kb6 39. Be4 Ka5 40. Bd3 Kb4
41. Qd2+ Qc3 42. Qe2 Kb3 43. Qe4 Qd2 44. Be2 Qd4 45. Qf3+ Kc2 46. Bf1 Kd2 47.
Qe2+ Kc3 48. Qf3+ Kb4 49. Qe2 Qe5 50. Qf3 Bd4 51. Qd3 Bc5 52. Qb1+ Kc3 53. Qd3+
Kb2 54. Qd2+ Kb3 55. Qd3+ Qc3 56. Qd1+ Qc2 57. Qf3+ Kb4 58. g4 Qd2 59. Kg3 Bd6+
60. Kg2 Qf4 61. Qd3 Qxg4+ 62. Kh1 Qxh4+ 63. Kg2 Qg4+ 64. Kh1 Qf4 65. Qb1+ Kc5
66. Kg2 Qg4+ 67. Kh1 Qh4+ 68. Kg2 Qh2+ 69. Kf3 Qf4+ 70. Kg2 Be5 71. Qxb7 Qg4+
72. Kh1 Qxf5 73. Qxg7 Qxf2 74. Qa7+ 1-0

[Event "European Blitz 2017"]
[Site "Katowice POL"]
[Date "2017.12.15"]
[Round "17.34"]
[White "Mikhalchishin, Adrian"]
[Black "Wieczorek, Oskar"]
[Result "0-1"]
[WhiteTitle "GM"]
[BlackTitle "IM"]
[WhiteElo "2479"]
[BlackElo "2463"]
[WhiteFideId "14602385"]
[BlackFideId "1133950"]
[EventDate "2017.12.15"]
[EventType "blitz"]

1. Nf3 c5 2. c4 g6 3. d4 cxd4 4. Nxd4 Bg7 5. e4 Nf6 6. Nc3 d6 7. Be2 O-O 8. O-O
Nc6 9. Be3 Nxd4 10. Bxd4 Bd7 11. f3 a5 12. b3 Bc6 13. Qd2 Nd7 14. Be3 Nc5 15.
Rab1 e6 16. Nb5 Be5 17. g3 Qe7 18. Rfd1 Rfd8 19. Bd4 Bxb5 20. cxb5 Bxd4+ 21.
Qxd4 e5 22. Qe3 Ne6 23. Bc4 Nd4 24. f4 Kg7 25. Kg2 a4 26. Rd2 f6 27. h4 axb3 28.
axb3 Ra3 29. h5 gxh5 30. Rh1 Rda8 31. Rxh5 Ra2 32. fxe5 Rxd2+ 33. Qxd2 dxe5 34.
Rh1 Kh8 35. Rf1 Qg7 36. Qf2 Rf8 37. Ra1 Qg6 38. Qe3 Qg4 39. b6 h5 40. Rh1 Kg7
41. Rh4 Qg6 42. Bd5 Ra8 43. Qd2 Ra1 44. Bxb7 Rg1+ 45. Kxg1 Nf3+ 46. Kf2 0-1

[Event "European Blitz 2017"]
[Site "Katowice POL"]
[Date "2017.12.15"]
[Round "17.35"]
[White "Manik, Mikulas"]
[Black "Krzyzanowski, Marcin"]
[Result "1-0"]
[WhiteTitle "GM"]
[BlackTitle "IM"]
[WhiteElo "2415"]
[BlackElo "2457"]
[WhiteFideId "14900734"]
[BlackFideId "1132199"]
[EventDate "2017.12.15"]
[EventType "blitz"]

1. e4 c5 2. Nf3 e6 3. d4 cxd4 4. Nxd4 Nf6 5. Nc3 Nc6 6. Nxc6 bxc6 7. e5 Nd5 8.
Ne4 Qc7 9. f4 Qb6 10. c4 Ne3 11. Qd3 Nxf1 12. Rxf1 Ba6 13. b3 O-O-O 14. Be3 Qa5+
15. Kf2 d5 16. exd6 f5 17. Qd2 Qxd2+ 18. Nxd2 Bxd6 19. Nf3 c5 20. Ne5 Rhf8 21.
Nd3 Bb7 22. Rad1 Be4 23. Nxc5 Bxc5 24. Bxc5 Rf7 25. Be3 Rfd7 26. Rxd7 Rxd7 27.
Rc1 Kb7 28. h4 h5 29. g3 a6 30. Ke2 Bd3+ 31. Ke1 Be4 32. Rd1 Rxd1+ 33. Kxd1 Kc6
34. Bd4 g6 35. Kd2 Bf3 36. Kc3 a5 37. a3 Be2 38. b4 axb4+ 39. axb4 Bf1 40. b5+
Kd6 41. Bg7 Kc5 42. Bf8+ Kb6 43. Kb4 Kb7 44. Bd6 Be2 45. c5 Bf3 46. c6+ Kb6 47.
Be7 Bg2 48. Bd8+ Ka7 49. Kc5 Kb8 50. b6 Bf3 51. b7 Ka7 52. Bc7 1-0

[Event "European Blitz 2017"]
[Site "Katowice POL"]
[Date "2017.12.15"]
[Round "17.36"]
[White "Ustianovich, Nazar"]
[Black "Neiksans, Arturs"]
[Result "0-1"]
[WhiteTitle "FM"]
[BlackTitle "GM"]
[WhiteElo "2366"]
[BlackElo "2590"]
[WhiteFideId "14109778"]
[BlackFideId "11601388"]
[EventDate "2017.12.15"]
[EventType "blitz"]

1. d4 f5 2. Nc3 Nf6 3. Bg5 d5 4. Bxf6 exf6 5. e3 Be6 6. Bd3 Qd7 7. Nge2 Nc6 8.
a3 g6 9. Qd2 O-O-O 10. Na4 Bf7 11. b3 Kb8 12. O-O Qe8 13. c3 Ne7 14. Nc5 Nc8 15.
b4 Nd6 16. a4 Nc4 17. Qc2 Bd6 18. b5 Qe7 19. Nb3 Rc8 20. Rfb1 h5 21. Bxc4 dxc4
22. Nc5 Bxc5 23. dxc5 Qxc5 24. Nd4 h4 25. a5 Bd5 26. b6 Be4 27. Qb2 cxb6 28.
axb6 a6 29. Rd1 h3 30. g3 Bd3 31. f3 Rhe8 32. Kf2 g5 33. Re1 g4 34. Qd2 Rcd8 35.
e4 fxe4 36. Qf4+ Ka8 37. fxg4 Qxb6 38. Kg1 Rxd4 39. cxd4 Qxd4+ 40. Qe3 Qxe3+ 41.
Rxe3 c3 42. Rc1 Rc8 43. Kf2 b5 44. Ra1 Kb7 45. Ke1 b4 46. Kd1 b3 47. Ra3 c2+ 48.
Kc1 b2+ 0-1

[Event "European Blitz 2017"]
[Site "Katowice POL"]
[Date "2017.12.15"]
[Round "17.37"]
[White "Sergeev, Vladimir"]
[Black "Schneider, Ilja"]
[Result "0-1"]
[WhiteTitle "GM"]
[BlackTitle "IM"]
[WhiteElo "2406"]
[BlackElo "2517"]
[WhiteFideId "14101076"]
[BlackFideId "4663306"]
[EventDate "2017.12.15"]
[EventType "blitz"]

1. d4 d5 2. Bf4 Nf6 3. e3 c5 4. c3 cxd4 5. exd4 Nc6 6. Nd2 g6 7. Bd3 Bg7 8. Ngf3
O-O 9. O-O Bf5 10. Bxf5 gxf5 11. Ne5 Rc8 12. Re1 Ne4 13. Nxc6 Rxc6 14. f3 Nxd2
15. Qxd2 Kh8 16. Re2 Rg8 17. Rae1 e6 18. Kh1 b5 19. a3 a5 20. Ra1 Rc4 21. b3 Rc8
22. a4 Qb6 23. axb5 Qxb5 24. Ra3 Rxc3 25. Re1 Rxb3 26. Rxa5 Qb4 27. Qxb4 Rxb4
28. Be5 Bxe5 29. dxe5 Rgb8 30. Ra7 Rb1 31. Rg1 Kg7 32. h3 R8b2 33. Rxb1 Rxb1+
34. Kh2 f4 35. Ra4 Re1 36. Rxf4 Rxe5 37. Rg4+ Kf6 38. Rf4+ Ke7 39. Ra4 Re2 40.
Kg1 Rc2 41. Rh4 e5 42. Kf1 d4 43. g3 Ke6 44. Rxh7 d3 45. Ke1 Kd5 46. Rxf7 Kd4
47. Re7 Rc1+ 48. Kd2 Rc2+ 49. Kd1 Rg2 50. g4 Rg3 51. Kd2 Rxf3 52. Rd7+ Ke4 53.
g5 Rxh3 54. g6 Rh2+ 55. Kc3 Rc2+ 56. Kb3 Rc8 57. g7 Ke3 58. Rc7 Rb8+ 59. Kc3 d2
60. Rd7 Rc8+ 61. Kb2 Ke2 62. Rc7 Rb8+ 63. Kc3 d1=Q 0-1

[Event "European Blitz 2017"]
[Site "Katowice POL"]
[Date "2017.12.15"]
[Round "17.38"]
[White "Sadzikowski, Daniel"]
[Black "Valsecchi, Alessio"]
[Result "0-1"]
[WhiteTitle "GM"]
[BlackTitle "IM"]
[WhiteElo "2584"]
[BlackElo "2501"]
[WhiteFideId "1132253"]
[BlackFideId "818860"]
[EventDate "2017.12.15"]
[EventType "blitz"]

1. e4 e5 2. Nf3 Nc6 3. Bc4 Bc5 4. O-O Nf6 5. Re1 d6 6. c3 Bg4 7. h3 Bh5 8. d3 h6
9. b4 Bb6 10. a4 a5 11. b5 Ne7 12. g4 Bg6 13. Nbd2 Qd7 14. Nh2 h5 15. g5 Nh7 16.
h4 Qh3 17. Ndf3 f6 18. gxf6 gxf6 19. Qe2 Bf7 20. Bxf7+ Kxf7 21. Qf1 Qg3+ 22. Kh1
Qxf2 23. Qxf2 Bxf2 24. Rf1 Bb6 25. Ng5+ Nxg5 26. hxg5 Raf8 27. Rxf6+ Kg7 28.
Rxf8 Rxf8 29. Ra2 Ng6 30. Re2 Nf4 31. Bxf4 Rxf4 32. Kg2 Kg6 33. Nf3 Rg4+ 34. Kh3
Rf4 35. Kg2 h4 36. Ng1 Rg4+ 0-1

[Event "European Blitz 2017"]
[Site "Katowice POL"]
[Date "2017.12.15"]
[Round "17.39"]
[White "Horton, Andrew P"]
[Black "Kreisl, Robert"]
[Result "1/2-1/2"]
[WhiteTitle "FM"]
[BlackTitle "IM"]
[WhiteElo "2397"]
[BlackElo "2440"]
[WhiteFideId "424269"]
[BlackFideId "1613880"]
[EventDate "2017.12.15"]
[EventType "blitz"]

1. b3 e5 2. Bb2 Nc6 3. e3 Nge7 4. c4 g6 5. Nf3 Bg7 6. d4 exd4 7. Nxd4 Nxd4 8.
Bxd4 O-O 9. Bxg7 Kxg7 10. Nc3 d6 11. Be2 Bd7 12. O-O a5 13. Rc1 a4 14. b4 a3 15.
b5 Be6 16. Bf3 c6 17. bxc6 bxc6 18. Ne4 Nf5 19. Qd3 Qe7 20. Qc3+ f6 21. Rfd1 Kg8
22. Bg4 d5 23. cxd5 Bxd5 24. Bxf5 gxf5 25. Ng3 Qe5 26. Qc2 f4 27. exf4 Qxf4 28.
Re1 Rae8 29. h3 Re5 30. Qc3 Bxa2 31. Qxa3 Bd5 32. Qc3 Rfe8 33. Rxe5 Qxe5 34. Qd2
Qg5 35. Qc3 h5 36. Re1 Rf8 37. Qe3 Qxe3 38. fxe3 Bf7 39. Nf5 Re8 40. Rc1 Bg6 41.
Nd6 Rxe3 42. Rxc6 Re6 43. Rc8+ Kg7 44. Rc7+ Kh6 45. Nf7+ Bxf7 46. Rxf7 1/2-1/2

[Event "European Blitz 2017"]
[Site "Katowice POL"]
[Date "2017.12.15"]
[Round "17.40"]
[White "Polivanov, Anatoliy"]
[Black "Sakalauskas, Vaidas"]
[Result "0-1"]
[WhiteTitle "IM"]
[BlackTitle "IM"]
[WhiteElo "2383"]
[BlackElo "2351"]
[WhiteFideId "14109468"]
[BlackFideId "12800457"]
[EventDate "2017.12.15"]
[EventType "blitz"]

1. d4 Nf6 2. c4 g6 3. f3 d5 4. cxd5 Nxd5 5. e4 Nb6 6. Nc3 Bg7 7. Be3 O-O 8. Qd2
Nc6 9. O-O-O e5 10. d5 Nd4 11. f4 Bg4 12. Re1 c5 13. h3 Bd7 14. fxe5 Bxe5 15.
Nf3 Nxf3 16. gxf3 Rc8 17. f4 Bg7 18. e5 Bf5 19. d6 Qd7 20. Bd3 Rfd8 21. Bxf5
Qxf5 22. Qc2 Qe6 23. f5 Qxe5 24. Bg5 Qxd6 25. Ne4 Qc6 26. Bxd8 Rxd8 27. Rd1 Bd4
28. fxg6 hxg6 29. Kb1 Nd5 30. Rhe1 Re8 31. Qc4 Ne3 32. Rxe3 Bxe3 33. Rd6 Qxe4+ 0-1

[Event "European Blitz 2017"]
[Site "Katowice POL"]
[Date "2017.12.15"]
[Round "17.41"]
[White "Janik, Igor"]
[Black "Saraci, Nderim"]
[Result "1-0"]
[WhiteTitle "FM"]
[BlackTitle "FM"]
[WhiteElo "2413"]
[BlackElo "2398"]
[WhiteFideId "1159259"]
[BlackFideId "6351921"]
[EventDate "2017.12.15"]
[EventType "blitz"]

1. e4 e5 2. Nf3 Nc6 3. Bb5 g6 4. O-O Nge7 5. c3 Bg7 6. d4 a6 7. Ba4 d6 8. h3 O-O
9. Re1 Bd7 10. Bg5 h6 11. Bxe7 Qxe7 12. d5 Nb8 13. Bxd7 Nxd7 14. c4 f5 15. Nc3
f4 16. b4 g5 17. Nh2 Nf6 18. Ng4 Qf7 19. Nxf6+ Bxf6 20. c5 Be7 21. cxd6 Bxd6 22.
a3 Kh8 23. Na4 Rg8 24. Rc1 h5 25. f3 a5 26. Nc5 axb4 27. axb4 g4 28. fxg4 hxg4
29. hxg4 Ra7 30. Rc3 Bxc5+ 31. bxc5 Qg6 32. Rh3+ Kg7 33. Rh5 Ra2 34. Qf3 Rh8 35.
Rxh8 Kxh8 36. Re2 Ra1+ 37. Kh2 Kg7 38. Qh3 Ra4 39. Qh4 Qh6 40. Qxh6+ Kxh6 41.
Rb2 Rxe4 42. Rxb7 Rd4 43. Rxc7 Rxd5 44. c6 Rc5 45. Kh3 Kg5 46. Rg7+ Kf6 47. Rc7
e4 48. Rc8 Rc3+ 49. Kh4 Rc1 50. g5+ Kf5 51. Rf8+ Ke5 52. g6 e3 53. g7 e2 54.
Re8+ Kf6 55. g8=Q e1=Q+ 56. Rxe1 Rxe1 57. Qg5+ Ke6 58. Qxf4 1-0

[Event "European Blitz 2017"]
[Site "Katowice POL"]
[Date "2017.12.15"]
[Round "17.42"]
[White "Piotrowski, Przemyslaw"]
[Black "Rocha, Sergio"]
[Result "0-1"]
[BlackTitle "IM"]
[WhiteElo "2314"]
[BlackElo "2370"]
[WhiteFideId "1127063"]
[BlackFideId "1900404"]
[EventDate "2017.12.15"]
[EventType "blitz"]

1. d4 Nf6 2. Nf3 g6 3. g3 Bg7 4. Bg2 O-O 5. O-O d6 6. c4 c6 7. Nc3 a6 8. a4 a5
9. e4 Na6 10. h3 Nb4 11. Be3 Be6 12. b3 Qc8 13. Kh2 Re8 14. Qd2 Bd7 15. e5 Nh5
16. Bh6 Bh8 17. Ne4 Bf5 18. Rfe1 Bxe4 19. Rxe4 d5 20. Rh4 Ng7 21. g4 f6 22. exf6
exf6 23. c5 Qd7 24. Bxg7 Bxg7 25. g5 f5 26. Rf4 Re6 27. Bf1 Rae8 28. Re1 Re4 29.
Kg2 Qc7 30. Bd3 Nxd3 31. Qxd3 Qxf4 32. Rg1 Bxd4 33. h4 Bxc5 34. Rh1 Re2 0-1